[Event "CZE-ch Open 2018"]
[Site "Ostrava"]
[Date "2018.05.05"]
[Round "8"]
[White "Cerveny, Petr"]
[Black "Stepan, Patrik"]
[Result "1-0"]
[WhiteElo "2315"]
[BlackElo "2207"]
[Annotator "NA"]
[PlyCount "83"]
[EventDate "2018.??.??"]
[EventCountry "CZE"]
[SourceTitle "playchess.com"]
[Source "ChessBase"]
[SourceQuality "1"]
[TimeControl "40/5400+30:900+30"]

1. e4 {[%emt 0:00:00]} c5 {[%emt 0:00:13]} 2. Nf3 {[%emt 0:00:00]} d6 {[%emt 0:00:04]} 3. Bb5+ {[%emt 0:00:00]} Nd7 {[%emt 0:00:28]} 4. O-O {[%emt 0:00:00]} a6 {[%emt 0:00:04]} 5. Bd3 {[%emt 0:00:07]} Ngf6 {[%emt 0:00:14]} 6. Re1 {[%emt 0:00:08]} e6 {[%emt 0:00:22]} 7. c3 {[%emt 0:01:07]} b5 {[%emt 0:00:04]} 8. Bc2 {[%emt 0:00:07]} Bb7 {[%emt 0:00:04]} 9. d4 {[%emt 0:00:12]} Be7 {[%emt 0:00:21]} 10. Nbd2 {[%emt 0:00:16]} O-O {[%emt 0:00:07]} 11. Nf1 {[%emt 0:00:20]} Qc7 {[%emt 0:00:27]} 12. Ng3 {[%emt 0:00:33]} cxd4 {[%emt 0:00:53]} 13. cxd4 {[%emt 0:00:39]} Rac8 {[%emt 0:00:09]} 14. Bd3 {[%emt 0:00:17]} Rfe8 {[%emt 0:00:52]} 15. Bd2 {[%emt 0:00:27]} e5 {[%emt 0:06:29]} 16. d5 {[%emt 0:05:51]} Nc5 {[%emt 0:07:48]} 17. Bc2 {[%emt 0:03:00]} g6 {[%emt 0:11:46]} 18. Rc1 {[%emt 0:02:24]} Bf8 {[%emt 0:02:49]} 19. h3 {[%emt 0:07:25]} Bg7 {[%emt 0:02:31]} 20. Nh2 {[%emt 0:01:16]} h5 {[%emt 0:12:02]} 21. Qf3 {[%emt 0:11:36]} a5 {[%emt 0:11:13]} 22. Nhf1 {[%emt 0:10:15]} Nfd7 {[%emt 0:12:21]} 23. Nxh5 {[%emt 0:08:03]} gxh5 {[%emt 0:01:11]} 24. Ng3 {[%emt 0:05:59]} Nf8 {[%emt 0:06:54]} 25. Nf5 {[%emt 0:07:59]} Ng6 {[%emt 0:04:15]} 26. Qxh5 {[%emt 0:01:49]} Nd7 {[%emt 0:01:15]} 27. Bd3 {[%emt 0:11:14]} Qb6 {[%emt 0:01:06]} 28. Qe2 {[%emt 0:04:39]} Rxc1 {[%emt 0:02:37]} 29. Rxc1 {[%emt 0:01:13]} Rc8 {[%emt 0:00:33]} 30. Bxb5 {[%emt 0:00:27]} Rxc1+ {[%emt 0:00:41]} 31. Bxc1 {[%emt 0:00:03]} Nc5 {[%emt 0:00:32]} 32. Be3 {[%emt 0:01:55]} Bc8 {[%emt 0:00:15]} 33. a4 {[%emt 0:05:38]} Qc7 {[%emt 0:05:08]} 34. Qg4 {[%emt 0:03:06]} Kf8 {[%emt 0:03:56]} 35. h4 {[%emt 0:00:52]} Bxf5 {[%emt 0:00:41]} 36. exf5 {[%emt 0:00:51]} Nf4 {[%emt 0:00:00]} 37. h5 {[%emt 0:03:19]} Bf6 {[%emt 0:04:30]} 38. h6 {[%emt 0:01:28]} Qd8 {[%emt 0:03:40]} 39. h7 {[%emt 0:01:12]} Ke7 {[%emt 0:00:36]} 40. Qg8 {[%emt 0:01:38]} Ne4 {[%emt 0:15:35]} 41. g3 {[%emt 0:00:00]} Nxd5 {[%emt 0:00:00]} 42. Bc4 1-0

[Event "CZE-ch Open 2018"]
[Site "Ostrava"]
[Date "2018.05.05"]
[Round "8"]
[White "Malik, Jan"]
[Black "Konopka, Michal"]
[Result "1/2-1/2"]
[WhiteElo "2284"]
[BlackElo "2373"]
[Annotator "NA"]
[PlyCount "29"]
[EventDate "2018.??.??"]
[EventCountry "CZE"]
[SourceTitle "playchess.com"]
[Source "ChessBase"]
[SourceQuality "1"]
[TimeControl "40/5400+30:900+30"]

1. e4 {[%emt 0:00:00]} e5 {[%emt 0:00:50]} 2. Nf3 {[%emt 0:00:00]} Nf6 {[%emt 0:00:05]} 3. Nxe5 {[%emt 0:00:00]} d6 {[%emt 0:03:24]} 4. Nf3 {[%emt 0:00:04]} Nxe4 {[%emt 0:00:06]} 5. d3 {[%emt 0:01:53]} Nf6 {[%emt 0:00:24]} 6. d4 {[%emt 0:00:06]} Be7 {[%emt 0:01:18]} 7. Bd3 {[%emt 0:00:39]} O-O {[%emt 0:00:20]} 8. h3 {[%emt 0:01:09]} c5 {[%emt 0:02:40]} 9. O-O {[%emt 0:02:29]} Nc6 {[%emt 0:07:15]} 10. c3 {[%emt 0:03:21]} Re8 {[%emt 0:05:40]} 11. Re1 {[%emt 0:00:34]} Bd7 {[%emt 0:05:15]} 12. Nbd2 {[%emt 0:04:16]} cxd4 {[%emt 0:19:37]} 13. Nxd4 {[%emt 0:02:21]} Nxd4 {[%emt 0:03:34]} 14. cxd4 {[%emt 0:00:06]} Bf8 {[%emt 0:10:02]} 15. Ne4 {[%emt 0:07:23]} 1/2-1/2

[Event "CZE-ch Open 2018"]
[Site "Ostrava"]
[Date "2018.05.05"]
[Round "8"]
[White "Svatos, Jan"]
[Black "Skalsky, Alexandr"]
[Result "0-1"]
[WhiteElo "2272"]
[BlackElo "2207"]
[Annotator "TA"]
[PlyCount "63"]
[EventDate "2018.??.??"]
[EventCountry "CZE"]
[SourceTitle "playchess.com"]
[Source "ChessBase"]
[SourceQuality "1"]

{[%evp 11,63,-18,-23,-37,27,0,0,0,0,-3,0,0,0,0,26,25,33,39,41,37,42,16,16,16,12,12,12,15,14,10,12,6,8,6,29,7,9,10,6,0,0,4,0,0,15,0,0,0,0,-157,-157,-157,-157,-157]} 1. d4 Nf6 2. Nf3 g6 3. Bf4 Bg7 4. e3 d6 5. h3 O-O 6. Nbd2 c5 {LiveBook: 50 Games. A48: 1 d4 Nf6 2 Nf3 g6: Torre, London and Colle Systems} (6... b6 7. Bd3 Bb7 8. O-O c5 9. Bh2 Nbd7 10. c3 a6 11. Re1 b5 12. a4 Qb6 13. e4 Rfd8 14. Qe2 c4 15. Bc2 Nf8 16. d5 N8d7 {0-1 (49) Le,Q (2737)-Hansen,E (2629) chess.com INT 2018}) 7. dxc5 dxc5 (7... Nd5 $15 8. c3 Nxf4 9. exf4 dxc5) 8. Nc4 $146 ({Predecessor:} 8. Bd3 Nc6 9. Qe2 Nd5 10. O-O-O Qa5 11. Bc4 Nc3 12. bxc3 Qa3+ {0-1 (22) Arcos,L-Revolledo,C Lima 2012}) 8... Nc6 {The position is equal.} 9. Be2 Qxd1+ 10. Rxd1 Bf5 11. c3 Rfd8 12. O-O Rxd1 13. Rxd1 ({Not} 13. Bxd1 Bd3 $17) 13... Rd8 14. Rxd8+ Nxd8 15. Bc7 Nc6 16. Nfe5 Nxe5 17. Nxe5 Ne8 18. Bb8 Bxe5 19. Bxe5 $11 {[%mdl 4096] Endgame KBB-KBN} Nd6 20. f3 Be6 21. b3 f6 22. Bg3 a5 23. c4 Kf7 24. Be1 b6 25. a4 Bd7 26. g4 e5 27. Bg3 g5 28. Bd3 h5 29. gxh5 Bxh3 30. Kf2 $2 {[#]} ({White should play} 30. f4 $11) 30... Bf5 $1 $17 {[%cal Rf5d3]} 31. e4 Bd7 32. Kg2 {Precision: White = 49%, Black = 69%.} 0-1

[Event "CZE-ch Open 2018"]
[Site "Ostrava"]
[Date "2018.05.05"]
[Round "8"]
[White "Miesbauer, Jan"]
[Black "Lechtynsky, Jiri"]
[Result "1/2-1/2"]
[WhiteElo "2261"]
[BlackElo "2349"]
[Annotator "NA"]
[PlyCount "50"]
[EventDate "2018.??.??"]
[EventCountry "CZE"]
[SourceTitle "playchess.com"]
[Source "ChessBase"]
[SourceQuality "1"]
[TimeControl "40/5400+30:900+30"]

1. d4 {[%emt 0:00:00]} Nf6 {[%emt 0:00:27]} 2. c4 {[%emt 0:00:00]} c6 {[%emt 0:00:45]} 3. Nf3 {[%emt 0:00:10]} d5 {[%emt 0:00:06]} 4. Qc2 {[%emt 0:00:48]} g6 {[%emt 0:06:28]} 5. Bf4 {[%emt 0:00:40]} Bf5 {[%emt 0:11:31]} 6. Qb3 {[%emt 0:00:38]} Qb6 {[%emt 0:00:05]} 7. e3 {[%emt 0:01:24]} Nbd7 {[%emt 0:04:24]} 8. Nc3 {[%emt 0:01:29]} Bg7 {[%emt 0:00:47]} 9. Qxb6 {[%emt 0:08:48]} Nxb6 {[%emt 0:04:44]} 10. cxd5 {[%emt 0:00:22]} Nbxd5 {[%emt 0:02:17]} 11. Nxd5 {[%emt 0:04:23]} Nxd5 {[%emt 0:00:51]} 12. Be5 {[%emt 0:00:10]} Bxe5 {[%emt 0:06:00]} 13. Nxe5 {[%emt 0:00:09]} Nb4 {[%emt 0:01:23]} 14. Kd2 {[%emt 0:02:05]} f6 {[%emt 0:00:04]} 15. Nc4 {[%emt 0:06:17]} O-O-O {[%emt 0:00:53]} 16. a3 {[%emt 0:03:11]} Na6 {[%emt 0:01:15]} 17. Kc3 {[%emt 0:18:41]} c5 {[%emt 0:01:06]} 18. dxc5 {[%emt 0:05:32]} Nxc5 {[%emt 0:04:15]} 19. f3 {[%emt 0:00:07]} Kb8 {[%emt 0:08:40]} 20. e4 {[%emt 0:08:44]} Be6 {[%emt 0:02:12]} 21. Be2 {[%emt 0:04:19]} Rc8 {[%emt 0:00:19]} 22. a4 {[%emt 0:06:14]} Rhd8 {[%emt 0:02:07]} 23. Rhc1 {[%emt 0:03:07]} b6 {[%emt 0:01:26]} 24. b3 {[%emt 0:01:14]} Kb7 {[%emt 0:03:59]} 25. Rd1 {[%emt 0:01:07]} a5 {Kd4} 1/2-1/2

[Event "CZE-ch Open 2018"]
[Site "Ostrava"]
[Date "2018.05.05"]
[Round "8"]
[White "Vybiral, Zdenek"]
[Black "Hausner, Ivan"]
[Result "1/2-1/2"]
[WhiteElo "2261"]
[BlackElo "2334"]
[Annotator "NA"]
[PlyCount "83"]
[EventDate "2018.??.??"]
[EventCountry "CZE"]
[SourceTitle "playchess.com"]
[Source "ChessBase"]
[SourceQuality "1"]
[TimeControl "40/5400+30:900+30"]

1. d4 {[%emt 0:00:00]} g6 {[%emt 0:00:11]} 2. e4 {[%emt 0:00:00]} Bg7 {[%emt 0:00:06]} 3. c4 {[%emt 0:00:00]} d6 {[%emt 0:00:38]} 4. Ne2 {[%emt 0:00:35]} e5 {[%emt 0:00:58]} 5. Be3 {[%emt 0:02:17]} Nf6 {[%emt 0:03:52]} 6. f3 {[%emt 0:00:24]} O-O {[%emt 0:00:54]} 7. Nbc3 {[%emt 0:00:58]} exd4 {[%emt 0:00:50]} 8. Nxd4 {[%emt 0:00:07]} c6 {[%emt 0:01:28]} 9. Be2 {[%emt 0:01:15]} Re8 {[%emt 0:00:07]} 10. Bf2 {[%emt 0:00:04]} d5 {[%emt 0:00:39]} 11. exd5 {[%emt 0:00:23]} cxd5 {[%emt 0:00:06]} 12. c5 {[%emt 0:00:17]} Nc6 {[%emt 0:02:18]} 13. O-O {[%emt 0:00:12]} Nxd4 {[%emt 0:01:15]} 14. Bxd4 {[%emt 0:00:38]} Be6 {[%emt 0:00:05]} 15. Qd2 {[%emt 0:02:33]} Nh5 {[%emt 0:01:15]} 16. Rad1 {[%emt 0:10:45]} Qh4 {[%emt 0:02:23]} 17. Rfe1 {[%emt 0:07:42]} Bxd4+ {[%emt 0:02:57]} 18. Qxd4 {[%emt 0:00:08]} Qxd4+ {[%emt 0:00:05]} 19. Rxd4 {[%emt 0:00:08]} Rac8 {[%emt 0:00:06]} 20. Bb5 {[%emt 0:19:05]} Red8 {[%emt 0:00:07]} 21. b4 {[%emt 0:00:22]} b6 {[%emt 0:00:19]} 22. Na4 {[%emt 0:03:47]} Ng7 {[%emt 0:02:35]} 23. g4 {[%emt 0:00:23]} bxc5 {[%emt 0:01:16]} 24. Nxc5 {[%emt 0:02:28]} Rd6 {[%emt 0:00:07]} 25. Ba4 {[%emt 0:18:53]} h5 {[%emt 0:00:44]} 26. h3 {[%emt 0:00:08]} hxg4 {[%emt 0:00:44]} 27. hxg4 {[%emt 0:00:16]} Rc7 {[%emt 0:01:53]} 28. Kf2 {[%emt 0:06:56]} Bc8 {[%emt 0:03:10]} 29. Bb3 {[%emt 0:00:48]} Ne6 {[%emt 0:00:06]} 30. Nxe6 {[%emt 0:03:31]} Bxe6 {[%emt 0:01:23]} 31. Kg3 {[%emt 0:02:44]} Rb6 {[%emt 0:00:46]} 32. Red1 {[%emt 0:16:25]} Rcb7 {[%emt 0:00:58]} 33. Bxd5 {[%emt 0:00:14]} Bxd5 {[%emt 0:00:09]} 34. Rxd5 {[%emt 0:00:01]} Rxb4 {[%emt 0:00:07]} 35. R1d2 {[%emt 0:02:02]} Ra4 {[%emt 0:00:15]} 36. g5 {[%emt 0:00:21]} Kg7 {[%emt 0:00:24]} 37. Rd6 {[%emt 0:00:39]} Rb5 {[%emt 0:00:21]} 38. f4 {[%emt 0:00:19]} Rf5 {[%emt 0:01:44]} 39. Rf2 {[%emt 0:00:52]} Ra3+ {[%emt 0:00:23]} 40. Kg4 {[%emt 0:00:16]} Rfa5 {[%emt 0:15:07]} 41. Rdd2 {[%emt 0:15:45]} R5a4 {[%emt 0:01:00]} 42. Rc2 {[%emt 0:00:00]} 1/2-1/2

[Event "CZE-ch Open 2018"]
[Site "Ostrava"]
[Date "2018.05.05"]
[Round "8"]
[White "Jedlicka, Ales"]
[Black "Sramek, Vojtech"]
[Result "1-0"]
[WhiteElo "2238"]
[BlackElo "2145"]
[Annotator "NA"]
[PlyCount "43"]
[EventDate "2018.??.??"]
[EventCountry "CZE"]
[SourceTitle "playchess.com"]
[Source "ChessBase"]
[SourceQuality "1"]
[TimeControl "40/5400+30:900+30"]

1. d4 {[%emt 0:00:00]} d5 {[%emt 0:00:05]} 2. c4 {[%emt 0:00:00]} c6 {[%emt 0:00:06]} 3. Nf3 {[%emt 0:00:09]} Nf6 {[%emt 0:00:07]} 4. Nc3 {[%emt 0:00:15]} e6 {[%emt 0:00:10]} 5. e3 {[%emt 0:00:10]} Nbd7 {[%emt 0:00:04]} 6. Bd3 {[%emt 0:00:14]} dxc4 {[%emt 0:00:07]} 7. Bxc4 {[%emt 0:00:10]} b5 {[%emt 0:00:04]} 8. Bd3 {[%emt 0:00:21]} Bb7 {[%emt 0:00:05]} 9. e4 {[%emt 0:00:36]} b4 {[%emt 0:00:31]} 10. Na4 {[%emt 0:00:15]} c5 {[%emt 0:00:45]} 11. e5 {[%emt 0:00:21]} Nd5 {[%emt 0:00:22]} 12. O-O {[%emt 0:00:16]} cxd4 {[%emt 0:01:36]} 13. Nxd4 {[%emt 0:00:18]} Nxe5 {[%emt 0:02:40]} 14. Bb5+ {[%emt 0:00:14]} Nd7 {[%emt 0:03:34]} 15. Re1 {[%emt 0:00:30]} g6 {[%emt 0:26:00]} 16. Nc6 {[%emt 0:02:20]} Qc7 {[%emt 0:04:07]} 17. Qxd5 {[%emt 0:01:09]} Be7 {[%emt 0:07:26]} 18. Qd4 {[%emt 0:04:41]} Bf6 {[%emt 0:11:07]} 19. Ne5 {[%emt 0:01:39]} O-O-O {[%emt 0:10:25]} 20. Bxd7+ {[%emt 0:01:09]} Rxd7 {[%emt 0:00:05]} 21. Qxd7+ {[%emt 0:00:22]} Qxd7 {[%emt 0:00:03]} 22. Nxd7 {[%emt 0:00:12]} 1-0

[Event "CZE-ch Open 2018"]
[Site "Ostrava"]
[Date "2018.05.05"]
[Round "8"]
[White "Belunek, Vladimir"]
[Black "Tuma, Jiri"]
[Result "0-1"]
[WhiteElo "2216"]
[BlackElo "2296"]
[Annotator "NA"]
[PlyCount "80"]
[EventDate "2018.??.??"]
[EventCountry "CZE"]
[SourceTitle "playchess.com"]
[Source "ChessBase"]
[SourceQuality "1"]
[TimeControl "40/5400+30:900+30"]

1. d4 {[%emt 0:00:00]} Nf6 {[%emt 0:06:59]} 2. c4 {[%emt 0:00:24]} c5 {[%emt 0:00:36]} 3. d5 {[%emt 0:00:05]} e6 {[%emt 0:00:24]} 4. Nc3 {[%emt 0:00:10]} exd5 {[%emt 0:00:21]} 5. cxd5 {[%emt 0:00:07]} d6 {[%emt 0:01:08]} 6. Nf3 {[%emt 0:00:57]} g6 {[%emt 0:00:36]} 7. Bf4 {[%emt 0:00:46]} Bg7 {[%emt 0:01:48]} 8. Qa4+ {[%emt 0:02:55]} Bd7 {[%emt 0:02:44]} 9. Qb3 {[%emt 0:01:59]} b5 {[%emt 0:01:00]} 10. Bxd6 {[%emt 0:03:59]} Qb6 {[%emt 0:01:20]} 11. Bg3 {[%emt 0:02:12]} O-O {[%emt 0:01:52]} 12. e3 {[%emt 0:07:20]} c4 {[%emt 0:04:03]} 13. Qb4 {[%emt 0:08:01]} Na6 {[%emt 0:12:59]} 14. Qd6 {[%emt 0:00:08]} Qa5 {[%emt 0:00:25]} 15. Nd2 {[%emt 0:03:03]} Rad8 {[%emt 0:13:40]} 16. Bxc4 {[%emt 0:06:24]} Ne8 {[%emt 0:26:01]} 17. Qf4 {[%emt 0:05:55]} bxc4 {[%emt 0:01:16]} 18. O-O {[%emt 0:00:36]} Bxc3 {[%emt 0:02:14]} 19. bxc3 {[%emt 0:00:03]} Qxd5 {[%emt 0:00:44]} 20. Ne4 {[%emt 0:01:07]} Bf5 {[%emt 0:10:41]} 21. Ng5 {[%emt 0:02:12]} Bd3 {[%emt 0:00:44]} 22. e4 {[%emt 0:01:12]} Qd7 {[%emt 0:02:57]} 23. Qh4 {[%emt 0:02:09]} h5 {[%emt 0:00:36]} 24. Rfe1 {[%emt 0:00:20]} Ng7 {[%emt 0:03:07]} 25. e5 {[%emt 0:02:04]} Nc5 {[%emt 0:02:27]} 26. e6 {[%emt 0:01:53]} Ncxe6 {[%emt 0:00:51]} 27. Nxe6 {[%emt 0:00:08]} fxe6 {[%emt 0:00:49]} 28. Be5 {[%emt 0:00:21]} Qf7 {[%emt 0:00:49]} 29. f4 {[%emt 0:00:35]} Rd7 {[%emt 0:00:58]} 30. h3 {[%emt 0:00:21]} Nf5 {[%emt 0:00:46]} 31. Qg5 {[%emt 0:00:19]} h4 {[%emt 0:00:21]} 32. Kh2 {[%emt 0:02:17]} Kh7 {[%emt 0:00:14]} 33. Rg1 {[%emt 0:01:09]} Qe7 {[%emt 0:00:10]} 34. Qg4 {[%emt 0:00:16]} Ng3 {[%emt 0:00:27]} 35. Rae1 {[%emt 0:00:26]} Bf5 {[%emt 0:00:29]} 36. Qf3 {[%emt 0:00:18]} Rc8 {[%emt 0:00:57]} 37. Rd1 {[%emt 0:01:22]} Rxd1 {[%emt 0:00:54]} 38. Rxd1 {[%emt 0:00:06]} Bd3 {[%emt 0:00:00]} 39. Qf2 {[%emt 0:00:41]} Nf5 {[%emt 0:00:16]} 40. Qf3 {[%emt 0:01:05]} Ng3 {[%emt 0:15:37]} 0-1

[Event "CZE-ch Open 2018"]
[Site "Ostrava"]
[Date "2018.05.05"]
[Round "8"]
[White "Bartos, Jan"]
[Black "Bures, Martin"]
[Result "1/2-1/2"]
[WhiteElo "2198"]
[BlackElo "2100"]
[Annotator "NA"]
[PlyCount "47"]
[EventDate "2018.??.??"]
[EventCountry "CZE"]
[SourceTitle "playchess.com"]
[Source "ChessBase"]
[SourceQuality "1"]
[TimeControl "40/5400+30:900+30"]

1. d4 {[%emt 0:00:00]} Nf6 {[%emt 0:00:02]} 2. c4 {[%emt 0:00:00]} e6 {[%emt 0:00:01]} 3. Nf3 {[%emt 0:00:00]} d5 {[%emt 0:00:02]} 4. Nc3 {[%emt 0:00:00]} a6 {[%emt 0:00:01]} 5. cxd5 {[%emt 0:00:20]} exd5 {[%emt 0:00:41]} 6. Bg5 {[%emt 0:00:11]} Be6 {[%emt 0:05:13]} 7. e3 {[%emt 0:01:46]} Nbd7 {[%emt 0:09:47]} 8. Be2 {[%emt 0:01:32]} h6 {[%emt 0:09:23]} 9. Bh4 {[%emt 0:00:44]} Bd6 {[%emt 0:00:19]} 10. O-O {[%emt 0:00:46]} Qe7 {[%emt 0:05:40]} 11. Qc2 {[%emt 0:02:01]} g5 {[%emt 0:04:41]} 12. Bg3 {[%emt 0:01:21]} Bxg3 {[%emt 0:00:05]} 13. hxg3 {[%emt 0:00:41]} Qd6 {[%emt 0:00:15]} 14. Rfc1 {[%emt 0:10:38]} c6 {[%emt 0:08:06]} 15. a4 {[%emt 0:06:41]} a5 {[%emt 0:01:36]} 16. Rab1 {[%emt 0:02:00]} O-O {[%emt 0:03:41]} 17. b3 {[%emt 0:12:16]} Rfe8 {[%emt 0:02:35]} 18. Rb2 {[%emt 0:02:45]} Bg4 {[%emt 0:07:50]} 19. Bd3 {[%emt 0:08:56]} Re7 {[%emt 0:03:08]} 20. Nh2 {[%emt 0:02:46]} Bh5 {[%emt 0:02:34]} 21. Bf5 {[%emt 0:03:42]} Kg7 {[%emt 0:01:03]} 22. Rcb1 {[%emt 0:00:27]} Bg6 {[%emt 0:03:44]} 23. Bxg6 {[%emt 0:00:41]} fxg6 {[%emt 0:00:01]} 24. Nf3 {[%emt 0:00:24]} 1/2-1/2

[Event "CZE-ch Open 2018"]
[Site "Ostrava"]
[Date "2018.05.05"]
[Round "8"]
[White "Gnida, Patrik"]
[Black "Jelinek, Michal"]
[Result "0-1"]
[WhiteElo "2165"]
[BlackElo "2134"]
[Annotator "NA"]
[PlyCount "72"]
[EventDate "2018.??.??"]
[EventCountry "CZE"]
[SourceTitle "playchess.com"]
[Source "ChessBase"]
[SourceQuality "1"]
[TimeControl "40/5400+30:900+30"]

1. c4 Nf6 {[%emt 0:00:32]} 2. Nc3 {[%emt 0:00:00]} e6 {[%emt 0:00:20]} 3. Nf3 {[%emt 0:00:05]} d5 {[%emt 0:03:18]} 4. d4 {[%emt 0:00:04]} c6 {[%emt 0:00:33]} 5. Bf4 {[%emt 0:00:36]} Nbd7 {[%emt 0:03:23]} 6. e3 {[%emt 0:01:02]} Be7 {[%emt 0:04:57]} 7. c5 {[%emt 0:01:06]} O-O {[%emt 0:06:59]} 8. Bd3 {[%emt 0:00:26]} Re8 {[%emt 0:01:10]} 9. O-O {[%emt 0:00:08]} Nf8 {[%emt 0:02:17]} 10. h3 {[%emt 0:02:46]} Ng6 {[%emt 0:01:39]} 11. Bh2 {[%emt 0:00:02]} Nd7 {[%emt 0:07:52]} 12. b4 {[%emt 0:00:17]} Bf6 {[%emt 0:02:17]} 13. Qc2 {[%emt 0:00:14]} e5 {[%emt 0:01:30]} 14. dxe5 {[%emt 0:03:47]} Ndxe5 {[%emt 0:01:22]} 15. Nxe5 {[%emt 0:00:23]} Bxe5 {[%emt 0:00:59]} 16. Bxe5 {[%emt 0:01:59]} Rxe5 {[%emt 0:00:13]} 17. Rae1 {[%emt 0:00:02]} Qe7 {[%emt 0:04:06]} 18. Ne2 {[%emt 0:03:27]} Bd7 {[%emt 0:01:29]} 19. Nd4 {[%emt 0:05:28]} Nh4 {[%emt 0:10:58]} 20. Qe2 {[%emt 0:03:31]} Rg5 {[%emt 0:13:46]} 21. g4 {[%emt 0:01:11]} f5 {[%emt 0:07:33]} 22. f4 {[%emt 0:00:59]} Rg6 {[%emt 0:00:08]} 23. Kh1 {[%emt 0:00:29]} Rf8 {[%emt 0:02:39]} 24. Rg1 {[%emt 0:02:48]} fxg4 {[%emt 0:14:24]} 25. Bxg6 {[%emt 0:00:48]} hxg6 {[%emt 0:00:15]} 26. hxg4 {[%emt 0:02:24]} Qe4+ {[%emt 0:00:04]} 27. Kh2 {[%emt 0:00:56]} g5 {[%emt 0:00:31]} 28. f5 {[%emt 0:03:55]} Rf6 {[%emt 0:00:15]} 29. Rg3 {[%emt 0:02:15]} Rh6 {[%emt 0:02:33]} 30. Rh3 {[%emt 0:01:33]} g6 {[%emt 0:00:18]} 31. Qf2 {[%emt 0:01:36]} gxf5 {[%emt 0:04:02]} 32. Rf1 {[%emt 0:01:18]} f4 {[%emt 0:03:11]} 33. exf4 {[%emt 0:00:02]} Bxg4 {[%emt 0:00:21]} 34. fxg5 {[%emt 0:00:54]} Nf3+ {[%emt 0:00:31]} 35. Qxf3 {[%emt 0:01:22]} Rxh3+ {[%emt 0:00:10]} 36. Qxh3 {[%emt 0:00:06]} Bxh3 {[%emt 0:00:04]} 0-1

[Event "CZE-ch Open 2018"]
[Site "Ostrava"]
[Date "2018.05.05"]
[Round "8"]
[White "Riha, Vojtech"]
[Black "Michenka, Jozef"]
[Result "1-0"]
[WhiteElo "2141"]
[BlackElo "2328"]
[Annotator "TA"]
[PlyCount "132"]
[EventDate "2018.??.??"]
[EventCountry "CZE"]
[SourceTitle "playchess.com"]
[Source "ChessBase"]
[SourceQuality "1"]

{[%evp 9,132,-21,2,-4,-13,-15,-11,-50,-41,-28,-34,-32,-40,-43,-27,-45,-43,-111,-97,-131,-79,-106,-118,-103,-106,-93,-82,-102,-102,-87,-63,-137,-72,-89,-68,-60,-49,-66,-37,-83,-91,-109,-55,-86,-87,-71,-76,-70,-65,-68,0,0,0,0,-11,-141,-139,-162,0,0,0,0,0,0,0,0,29,22,13,0,0,-59,-42,-83,-75,-80,-75,-210,-195,-328,-330,-345,-320,-303,-291,-267,-225,-265,-210,-213,-237,-235,-123,-222,-165,-161,-149,-225,-218,-158,-81,-86,-95,-94,-131,-112,-114,-189,-161,-449,-398,-320,0,0,0,0,1073,1064,12836,12837,12836,12705,12836,2320,29987]} 1. e4 c5 2. b4 cxb4 3. a3 e5 4. Nf3 Nc6 5. Bb5 (5. axb4 Bxb4 6. c3 Be7 7. d4 d6 8. Bb5 Bd7 9. Ba3 Nf6 10. O-O {0-1 (22) Perunovic,M (2696)-Bogosavljevic,B (2504) Belgrade 2014}) 5... bxa3 6. Nxa3 {B20: Sicilian: Unusual White 2nd moves} Nf6 7. O-O Be7 8. d4 $146 {The position is equal.} ({Predecessor:} 8. Nc4 d6 9. d4 O-O 10. Bxc6 bxc6 11. dxe5 Nxe4 {0-1 (37) Bobel,P (2284)-Bares,J (2303) ICCF email 2014}) 8... exd4 9. e5 Ne4 $1 10. Nxd4 O-O $1 $36 {[%mdl 2048] Black is more active.} 11. Nf5 {aiming for Qg4.} d5 12. Nxe7+ Nxe7 13. Bb2 (13. Bd3 $15) 13... a6 14. Bd3 Nc5 (14... Bf5 $142 15. c4 Qb6) 15. Be2 Be6 16. Nb1 Rc8 17. Nd2 Ne4 18. Rb1 Qc7 19. Bd3 Rfd8 20. Nf3 (20. Nb3 $15) 20... Ng6 (20... Bg4 $142 $1 21. Re1 h6) 21. Bd4 b5 22. Ra1 Qb7 23. Qc1 Rc6 24. h3 Qc8 {White must now prevent ...Bxh3!} 25. Qe3 {[#]} Re8 (25... Bxh3 $1 $17 {[%mdl 512]} 26. gxh3 Qxh3) 26. Kh2 Bf5 27. Bb2 {[#] next Nd4 is good for White.} Nd6 $1 {[%mdl 512]} 28. Qd4 (28. exd6 Rxe3) 28... Nc4 {And now ...Be4 would win.} 29. e6 $1 {[%csl Gb2][%cal Rd4g7]} Nxb2 ({Better is} 29... Qc7+ $1 $15 30. Kg1 fxe6 31. Bxf5 exf5 32. Qxd5+ Kh8) 30. Bxf5 $11 Qc7+ 31. Kg1 Nc4 32. Ng5 (32. Rfe1 $11 Rexe6 33. Bxg6 hxg6 34. Ng5) 32... f6 $17 33. Nxh7 Qe5 $2 (33... Ne7 $19 34. Bd3 Ne5) 34. Nxf6+ $11 Qxf6 ({But not} 34... gxf6 $2 35. Qg4 $18) 35. Qxf6 gxf6 36. Bxg6 Rexe6 37. Rfd1 Rcd6 38. Bf5 Re5 39. Bc8 a5 {[%cal Ba6a5,Ba5a4][%mdl 32]} 40. f4 (40. g4 $11) 40... Re4 41. Bb7 Ne3 42. Rd2 a4 43. Re2 (43. c3 $17) 43... Re7 $19 44. Rae1 (44. g4 {keeps fighting.}) 44... d4 ({Weaker is} 44... Rxb7 45. Rxe3 b4 46. Ra1 $19) 45. Bf3 b4 46. Rb1 Rb6 47. Rd2 Rd7 48. Be4 Kf8 49. g4 a3 50. Kf2 Nc4 (50... Rc7 $19 51. f5 a2) 51. Re2 (51. Rd3 $17) 51... Nb2 52. Bf5 Re7 53. Rd2 (53. Ra1 $17) 53... Rd6 54. h4 Kg7 ({Black should play} 54... Na4 55. Ra1 Nc3) 55. h5 $17 Kh6 56. Kg3 Nc4 57. Rf2 Ne3 58. Bg6 (58. g5+ $17 fxg5 59. fxg5+ Kxg5 60. Bd3) 58... Ra7 $19 59. Kh4 $2 (59. Bd3 {is a better defense.}) 59... a2 60. Ra1 {[#]} Rd5 $2 ({Black should try} 60... f5 $1 $19 {[%mdl 512]} 61. Bxf5 (61. gxf5 d3) 61... Nxf5+ 62. gxf5 d3) 61. Be4 $11 Rc5 {[#] Threatens to win with ...Kg7.} 62. g5+ $1 {[%mdl 512]} fxg5+ $2 {[%mdl 8192]} (62... Kg7 $11) 63. fxg5+ $18 {White is clearly winning.} Rxg5 64. Rf6+ Kg7 65. Kxg5 Ra5+ 66. Bf5 $1 d3 {Precision: White = 44%, Black = 53%.} 1-0